| Поле | Инд. | ПП | Название | Значение |
|---|---|---|---|---|
| Тип записи | a | |||
| Библиографический уровень | b | |||
| 001 | Контрольный номер | RU/IS/BASE/160832090 | ||
| 005 | Дата корректировки | 20240802112735.4 | ||
| 084 | a | Индекс другой классификации/Индекс ББК | 87.3(2)5 | |
| 100 | 10 | a | Автор | Щеглова Л. В. |
| 245 | 00 | a | Заглавие | Радикальный монотеизм в историософии П. Я. Чаадаева |
| 504 | 00 | a | Библиография | Лит.: с. 86 |
| 520 | 00 | a | Аннотация | Дан критический взгляд на философские представления Чаадаева П. Я. о задачах исторической науки и исторической миссии России |
| 600 | 14 | a | Персоналии | Чаадаев Петр Яковлевич |
| 650 | 04 | a | Основная рубрика | история философии |
| a | Основная рубрика | философия | ||
| 653 | 00 | a | Ключевые слова | "Философические письма" |
| a | Ключевые слова | XIX век | ||
| a | Ключевые слова | Бог | ||
| a | Ключевые слова | Божественный разум | ||
| a | Ключевые слова | гуманизм | ||
| a | Ключевые слова | духовность | ||
| a | Ключевые слова | историософия | ||
| a | Ключевые слова | метафизика | ||
| a | Ключевые слова | монотеизм | ||
| a | Ключевые слова | монотеистическая религия | ||
| a | Ключевые слова | религия | ||
| a | Ключевые слова | Россия | ||
| a | Ключевые слова | свобода | ||
| a | Ключевые слова | социально-христианская идея | ||
| a | Ключевые слова | традиционализм | ||
| a | Ключевые слова | философия истории | ||
| a | Ключевые слова | философия религии | ||
| a | Ключевые слова | христианство | ||
| 773 | 00 | t | Заглавие источника | Философские науки |
| d | Дата издания источника | 2000 | ||
| g | Прочая информация | № 2. - С. 76 - 86 | ||
| w | Контрольный № источника | RU/IS/BASE/141145618 | ||
| 901 | t | Тип документа | b |